000 00562nam a2200181Ia 4500
008 151018s9999 xx 000 0 und d
082 _bRBASDV40661
_a891.461
100 _aमंगेश पाडगांवकर
245 _aशमिष्ठा
250 _b1
260 _bपुणे प्रकाशन
_c2003
300 _a103
600 _aमंगेश पाडगांवकर
630 _aशमिष्ठा
700 _aमंगेश पाडगांवकर
730 _aशमिष्ठा
942 _cBOOK
999 _c1039939
_d1039936